| 000 | 00649nam a2200241Ia 4500 | ||
|---|---|---|---|
| 003 | OSt | ||
| 005 | 20220926035158.0 | ||
| 006 | a|||||r|||| 00| 0 | ||
| 007 | ta | ||
| 008 | 220923b |||||||| |||| 00| 0 eng d | ||
| 037 | _cGeneral Book | ||
| 040 |
_aRTL _cRTL _beng |
||
| 041 |
_2eng _aeng |
||
| 082 | _aX.3.N5s, J7 | ||
| 110 |
_aStatistical _9341969 |
||
| 245 | 0 | _aStatistical sources for market research | |
| 260 | _c1967 | ||
| 490 | _aMarket Research Society, .2 | ||
| 650 |
_aEconomic Conditions Great Britain _9232317 |
||
| 700 |
_aStatistical _9341970 |
||
| 942 |
_hX.3.N5s, J7 _cGB _2CC |
||
| 999 |
_c661543 _d661543 |
||